Meditaciones de Picolino : filósofo trashumante /
Ensayos filosóficos sobre la religión, el origen del hombre y la economía en México.
Kaydedildi:
| Yazar: | |
|---|---|
| Materyal Türü: | Kitap |
| Dil: | İspanyolca |
| Baskı/Yayın Bilgisi: |
México :
Secretaría de Educación Pública, Subsecretaría de Asuntos Culturales,
1967, c1967
|
| Seri Bilgileri: | (Cuadernos de Lectura Popular ;
79) (La Honda del Espíritu) |
| Konular: | |
| Etiketler: |
Etiket eklenmemiş, İlk siz ekleyin!
|
MARC
| LEADER | 00000nam^a2200000^a^4500 | ||
|---|---|---|---|
| 001 | 000138597 | ||
| 005 | 20250521000000.0 | ||
| 009 | 20260310095435.855 | ||
| 037 | |a Acervo ITESO - Biblioteca | ||
| 041 | |a ESP | ||
| 082 | |a 808. 88 |b CUA V. 79 | ||
| 100 | |a Cardiel Reyes, Raúl |e (autor) | ||
| 245 | 1 | 0 | |a Meditaciones de Picolino : |b filósofo trashumante / |c R. Cardiel Reyes. |
| 264 | 4 | |a México : |b Secretaría de Educación Pública, Subsecretaría de Asuntos Culturales, |c 1967, c1967 | |
| 300 | |a 60 p. | ||
| 336 | |a texto |b txt |2 rdacontenido | ||
| 337 | |a sin mediación |b n |2 rdamedio | ||
| 338 | |a volumen |b nc |2 rdasoporte | ||
| 440 | 1 | |a (Cuadernos de Lectura Popular ; |v 79) | |
| 440 | 4 | |a (La Honda del Espíritu) | |
| 520 | |a Ensayos filosóficos sobre la religión, el origen del hombre y la economía en México. | ||
| 649 | |a XX | ||
| 650 | |a Meditación | ||
| 650 | |a Filosofía y Religión | ||
| 650 | |a Religión y Literatura | ||
| 650 | |a Hombre - |x Origen | ||
| 650 | |a Filosofía - |z México | ||
| 650 | |a México - |x Condiciones Económicas | ||
| 650 | |a Economía - |x Filosofía | ||
| 650 | |a Ensayos Mexicanos | ||
| 650 | |a Literatura Mexicana - |y Siglo XX | ||
| 910 | |a Fondo Salvador Reynoso Reynoso | ||
| 920 | |a Impresos - Libros | ||
| 930 | |a Fondos Especiales | ||
| 940 | |a Literatura | ||
| 905 | |a 112 | ||
| 901 | |a 0800014678 |b IT2 |c ESP |u 20250521 | ||
| 902 | |a https://opac.biblio.iteso.mx/vufind/Record/000138597 | ||